| 000 | 00476nam a2200181Ia 4500 | ||
|---|---|---|---|
| 005 | 20250326123935.0 | ||
| 008 | 250326s9999 xx 000 0 und d | ||
| 037 | _aTextbook | ||
| 040 |
_aFMSL _beng _cFMSL |
||
| 041 |
_aeng _2eng |
||
| 084 |
_aT(X8) K7 _qFMSL |
||
| 100 |
_aSeymour W D _9736451 |
||
| 245 | 0 |
_aIndustrial skills _cSeymour W D |
|
| 260 |
_aLondon _bLondon, Pitman _c1967 |
||
| 300 | _a401p | ||
| 942 |
_cTB _hT(X8) K7 |
||
| 999 |
_c1271582 _d1271582 |
||